000 00668cab a2200229 4500
001 WB2610-37
008 090401t1990 xxu||||| |||| 00| 0 eng d
035 _a(Sirsi) u3576
041 _aeng
245 _aHL appeal allowed
260 _c1990
350 _a0
490 _aEGCS
_v(1990) 23
520 _aIn Grangeville Marketing Inc v Seven Seas Properties Ltd ChD 23 February 1990, leave to appeal to the HL for the consideration of the Bain v Fothergill rule was granted.
650 _aBREACH
650 _aCONTRACT
650 _aDAMAGES
650 _aLOSS OF PROFIT
690 _aPROPERTY LAW AND PRACTICE-CASE LAW
942 _n0
948 _c04/03/1997
999 _c2200
_d2200